000 00471nam a22001697a 4500
020 _a9788183152297
082 _aS2
_bKAL/A
100 _aKalidasa
245 _aAbhijnanasakuntalam of Kalidasa:
_bsanskrit text with english translation/
_cby Kalidasa
260 _aDelhi:
_bNew Bharatiya Book Corporation,
_c2023.
300 _a198p.
650 _aDrama Sanskrit
650 _aLiterature Sanskrit
650 _aLiterature
700 _aUnni N P (tr.)
942 _cBK
999 _c181219
_d181219